1857 की राजक्रांति (Record no. 1434864)

MARC details
000 -LEADER
fixed length control field 00786nam a22002057a 4500
005 - DATE AND TIME OF LATEST TRANSACTION
control field 20250825165050.0
008 - FIXED-LENGTH DATA ELEMENTS--GENERAL INFORMATION
fixed length control field 250825b |||||||| |||| 00| 0 eng d
037 ## - SOURCE OF ACQUISITION
Terms of availability TB
040 ## - CATALOGING SOURCE
Original cataloging agency CRL
Transcribing agency CRL
041 ## - LANGUAGE CODE
Source of code Hindi
Language code of text/sound track or separate title Hindi
084 ## - COLON CLASSIFICATION NUMBER
Classification number V2:51.M57 152P8
100 ## - MAIN ENTRY--PERSONAL NAME
Personal name कर्मेन्दु , शिशिर
9 (RLIN) 818790
245 ## - TITLE STATEMENT
Title 1857 की राजक्रांति
Remainder of title : विचार और विश्लेषण
260 ## - PUBLICATION, DISTRIBUTION, ETC.
Place of publication, distribution, etc. भारत, दिल्ली
Name of publisher, distributor, etc. अनामिका पब्लिशर्स
Date of publication, distribution, etc. 2008
300 ## - PHYSICAL DESCRIPTION
Extent 220पृ0
365 ## - TRADE PRICE
Price amount 300
Currency code INR
650 ## - SUBJECT ADDED ENTRY--TOPICAL TERM
Source of heading or term विश्व-इतिहास
942 ## - ADDED ENTRY ELEMENTS (KOHA)
Source of classification or shelving scheme Colon Classification (CC)
Koha item type Textbook
Classification part V2:51.M57 152P8
Suppress in OPAC No
Holdings
Withdrawn status Lost status Source of classification or shelving scheme Damaged status Not for loan Home library Current library Date acquired Source of acquisition Cost, normal purchase price Inventory number Total Checkouts Full call number Barcode Date last seen Price effective from Koha item type
    Colon Classification (CC)     Central Library Central Library 2025-08-25 SnarajPrakashan 300.00 458 & 2014-11-12   V2:51.M57 152P8 CL1398362 2025-08-25 2025-08-25 Textbook
    Colon Classification (CC)     Central Library Central Library 2025-08-25 SnarajPrakashan 300.00 458 & 2014-11-12   V2:51.M57 152P8 CL1398363 2025-08-25 2025-08-25 Textual
    Colon Classification (CC)     Central Library Central Library 2025-08-25 SnarajPrakashan 300.00 458 & 2014-11-12   V2:51.M57 152P8 CL1398364 2025-08-25 2025-08-25 Textual
Copyright @ Delhi University Library System